000 00887nam a22002297b 4500
005 20151002164614.0
008 151002s1996 ck a fr ||0 ||spa d
035 _a(OCoLC)433179467
040 _aCO-BoUCM
_bspa
_cSandra Palacio
_dSandra Palacio
041 0 _aspa
100 1 _aBalmes Arteaga, Enrique
_971982
245 1 4 _aLas órdenes de caballería en el Nuevo Reino de Granada y en la época actual
_cEnrique Balmes Arteaga
260 _aBogotá (Colombia)
_bAcademia Colombiana de Historia
_c1996
300 _a186 páginas
_bilustraciones
490 0 _aAcademia Colombiana de Historia
_v40
650 7 _aOrdenes de caballería
_zColombia
_920824
650 7 _aHeráldica
_zColombia
_916758
650 7 _aOrdenes religiosas militares
_920831
690 _942845
_aHistoria de Colombia
942 _2DEWEY
_a21
_cLIBRO
_e1
_h929.82
_mB194
999 _c301492
_d301492